Educación y capacitación en organizaciones autogestivas.

Guardado en:
Bibliografiske detaljer
Autores corporativos: Instituto Nacional de Capacitación Agraria (INCA-Rural), Fundacion Fredrich Nauman
Format: Bog
Sprog:spansk
Fag:
Tags: Tilføj Tag
Ingen Tags, Vær først til at tagge denne postø!

MARC

LEADER 00000cam^a2200000uu^4500
001 000472158
005 20250521000000.0
008 050901s1988^^^^^^^^^^^^rd^r^^000^0^spa^d
009 20260310124643.434
035 |a FCE 000014967 
035 |a FCE 008145 
037 |a Acervo ITESO - Biblioteca 
041 |a spa 
082 0 4 |a 374.013  |b PRAe 
110 |a Instituto Nacional de Capacitación Agraria (INCA-Rural) 
245 1 0 |a Educación y capacitación en organizaciones autogestivas. 
264 |a México :  |b Praxis : Inca-rural,  |c 1988. 
300 |a 226 p. 
336 |a texto  |b txt  |2 rdacontenido 
337 |a sin mediación  |b n  |2 rdamedio 
338 |a volumen  |b nc  |2 rdasoporte 
649 |a XX 
650 |a Desarrollo rural 
650 |a Educación rural 
650 |a Campesinos 
650 |a Capacitación rural 
650 |a Autogestión 
710 |a Fundacion Fredrich Nauman 
910 |a Fondo Centro de Estudios Educativos 
920 |a Impresos - Libros 
930 |a Fondos Especiales 
905 |a 133 
901 |a ALE008145  |b IT2  |c CEE  |u 20250521 
902 |a https://opac.biblio.iteso.mx/vufind/Record/000472158